00255nam a2200097Ia 4500008004100000100002100041245004900062260002200111942000700133999001700140190216s9999||||xx |||||||||||||| ||und|| aShankaran Nair N 0aVidyabyasathinde Manashashthrathinde Boomika bKerala Basha Inst cBK c37882d37882